| 000 | 00781 a2200301 4500 | ||
|---|---|---|---|
| 260 | _aGiessen | ||
| 100 | _aPREUSS, Hans-Joachim A. | ||
| 440 | _n29 | ||
| 260 | _bGTZ | ||
| 245 | _aIntégration d'approche de recherche-développement dans la recherche agricole nationale : le cas du Bénin | ||
| 300 | _aXXVI-179 p. | ||
| 650 | _aRECHERCHE | ||
| 650 | _aDEVELOPPEMENT | ||
| 650 | _aINTEGRATION | ||
| 650 | _aRECHERCHE AGRICOLE | ||
| 650 | _aAGRICULTURE | ||
| 260 | _c1994 | ||
| 300 | _b21 cm | ||
| 130 | _lFR | ||
| 440 | _aMaterialien | ||
| 651 | _aBENIN | ||
| 690 | _aSECTEUR AGRICOLE | ||
| 440 | _x0176-7453 | ||
| 020 | _a3-924840-31-8 | ||
| 999 |
_c31977 _d31977 |
||